| 000 | 01072nas a2200337 4500 | ||
|---|---|---|---|
| 001 | BR2016001538 | ||
| 003 | BR-BrBNA | ||
| 005 | 20231205130249.0 | ||
| 007 | ta | ||
| 008 | 230509b bl.|||p| |||| 00| 00por d | ||
| 040 |
_aBR-BrBNA _bpor _cBiblioteca Nacional de Agricultura |
||
| 041 | _a(En) | ||
| 072 | _aL02 | ||
| 100 | 1 | _aHan, J.C. | |
| 100 | 1 | _aMa, K. | |
| 100 | 1 | _aWang, J.G. | |
| 100 | 1 | _aChen, G.H. | |
| 100 | 1 | _aZhang, J.L. | |
| 100 | 1 | _aQu, H.X. | |
| 100 | 1 | _aYan, Y.F. | |
| 100 | 1 | _aCheng, Y.H. | |
| 245 | 1 | _aEffects of non-phytate phosphorus and 1a-Hydroxycholecalciferol on growth performance, bone mineralization, and carcass traits of broiler chickens | |
| 650 | _aFRANGO DE CORTE | ||
| 650 | _aDIETA | ||
| 650 | _aCRESCIMENTO | ||
| 650 | _aOSSO | ||
| 773 | 0 |
_tRevista Brasileira de Ciência Avícola (Brazil) _xISSN 1806-9061 _g(Oct-Dec 2015), v. 17(4) p. 503-510 _wBR2016001538 |
|
| 856 | 4 | 0 | _uhttp://www.scielo.br/pdf/rbca/v17n4/1516-635X-rbca-17-04-00503.pdf |
| 909 |
_a202311 _bLúcia _c55 _dLúcia Elande |
||
| 942 |
_2AGRIS _n0 _cANA |
||
| 999 |
_c248526 _d248526 |
||